LIBRARY & INFORMATION CENTRE, KCAET, TAVANUR

ONLINE PUBLIC ACCESS CATALOGUE (OPAC)

Utilization of Salt Affected Soils and Saline Waters for Trees and Grasses / (Record no. 8877)

MARC details
000 -LEADER
fixed length control field 00402cam a2200133ua 4500
082 ## - DEWEY DECIMAL CLASSIFICATION NUMBER
Classification number 553.72
Item number SIN/UT
100 ## - MAIN ENTRY--AUTHOR NAME
Personal name Singh, R.P .
100 ## - MAIN ENTRY--AUTHOR NAME
Personal name Gupta, I.C .
100 ## - MAIN ENTRY--AUTHOR NAME
Personal name Yadav, J.S.P .
245 ## - TITLE STATEMENT
Title Utilization of Salt Affected Soils and Saline Waters for Trees and Grasses /
260 ## - PUBLICATION, DISTRIBUTION, ETC. (IMPRINT)
Place of publication Dehradun :
Name of publisher Bishen Singh Mahendrapal Singh ,
Year of publication 1987.
300 ## - PHYSICAL DESCRIPTION
Number of Pages 190 ; .
942 ## - ADDED ENTRY ELEMENTS (KOHA)
Koha item type Reference
Holdings
Withdrawn status Lost status Damaged status Collection code Home library Current library Shelving location Date acquired Full call number Accession Number Koha item type
      Reference KAUAET KAUAET Reference 07/04/2012 553.72.SIN/UT 18648 Reference
free website counter